[Event "Quebec Montcalm op 5 2015-16"]
[Site "Quebec"]
[Date "2016.03.03"]
[Round "3"]
[White "Betancourt, Juan Mauricio"]
[Black "Fecteau, Martin"]
[Result "1-0"]
[WhiteElo "2038"]
[BlackElo "1915"]
[PlyCount "103"]
[EventDate "2016.02.18"]
[EventType "swiss"]
[EventRounds "5"]
[EventCountry "CAN"]
[SourceTitle "EXT 2022"]
[Source "ChessBase"]
[SourceDate "2021.10.06"]
[SourceVersion "1"]
[SourceVersionDate "2021.10.06"]
[SourceQuality "1"]

1. e4 c5 2. Nf3 d6 3. d4 cxd4 4. Nxd4 Nf6 5. Nc3 a6 6. Bg5 Nbd7 7. Qd2 e6 8. f4 Qc7 9. 0-0-0 b5 10. Bxf6 gxf6 11. f5 Ne5 12. fxe6 fxe6 13. Be2 h5 14. Kb1 Bd7 15. Rdf1 Be7 16. Qe3 Qc5 17. Qg1 Nc6 18. Nxc6 Qxg1 19. Rhxg1 Bxc6 20. Bd3 Kd7 21. Rf3 Rag8 22. Ne2 f5 23. exf5 Bxf3 24. fxe6+ Kxe6 25. Nd4+ Kd7 26. Nxf3 h4 27. Nd4 d5 28. Bf5+ Kc7 29. Bh3 Bc5 30. Ne6+ Kd6 31. Rd1 Rg6 32. Nf4 Rg5 33. Re1 Rh6 34. Nd3 Bb6 35. a3 Rf6 36. Re8 Kc7 37. Nb4 a5 38. Re7+ Kd6 39. Rd7+ Kc5 40. Nd3+ Kd4 41. Rh7 Ke3 42. Rxh4 Rf1+ 43. Ka2 Kd2 44. g3 Rg1 45. Rh6 Bd4 46. Rc6 Rh5 47. Nf4 Re5 48. Nd3 Re2 49. Be6 Rxh2 50. Bxd5 Rxg3 51. Nc5 Rg1 52. Nb3+ 1-0

[Event "Montcalm III 2015-16"]
[Site "Quebec"]
[Date "2015.12.03"]
[Round "3"]
[White "Betancourt, Juan Mauricio"]
[Black "Dube, Daniel"]
[Result "1-0"]
[WhiteElo "2070"]
[BlackElo "1997"]
[PlyCount "97"]
[EventDate "2015.11.19"]
[EventType "swiss"]
[EventRounds "5"]
[EventCountry "CAN"]
[SourceTitle "EXT 2019"]
[Source "ChessBase"]
[SourceDate "2018.10.10"]
[SourceVersion "1"]
[SourceVersionDate "2018.10.10"]
[SourceQuality "1"]

1. Nf3 Nf6 2. c4 g6 3. g3 c6 4. Bg2 d5 5. cxd5 cxd5 6. d4 Bg7 7. 0-0 0-0 8. Nc3 Nc6 9. Qb3 Ne4 10. Rd1 Na5 11. Qb4 Nxc3 12. bxc3 b6 13. Nd2 Ba6 14. e4 e6 15. exd5 exd5 16. Nf3 Re8 17. Bf4 Bf8 18. Qa4 Rc8 19. Qc2 Bb4 20. Bd2 f6 21. Re1 Bf8 22. h4 Qd7 23. h5 g5 24. Nh2 Nc4 25. Rxe8 Rxe8 26. Re1 Rxe1+ 27. Bxe1 Qe6 28. Qb1 Na3 29. Qc1 Bd3 30. Bd2 h6 31. f4 Nc4 32. fxg5 hxg5 33. Qe1 Qxe1+ 34. Bxe1 Be4 35. Bh3 f5 36. g4 f4 37. Kf2 Ne3 38. Nf3 Bxf3 39. Kxf3 Nc4 40. Bf1 Nd6 41. Bd3 Ne8 42. c4 dxc4 43. Bxc4+ Kg7 44. Bc3 Nd6 45. Be6 Be7 46. d5+ Bf6 47. h6+ Kg6 48. Bf5+ Nxf5 49. gxf5+ 1-0